Ms.Frizzle's adventures : (Record no. 8436)

MARC details
000 -LEADER
fixed length control field 01028nam a22002777a 4500
001 - CONTROL NUMBER
control field 8436
003 - CONTROL NUMBER IDENTIFIER
control field FISKH
005 - DATE AND TIME OF LATEST TRANSACTION
control field 20250911162059.0
008 - FIXED-LENGTH DATA ELEMENTS--GENERAL INFORMATION
fixed length control field 250911b cb ||||| |||| 00| 0 eng d
020 ## - INTERNATIONAL STANDARD BOOK NUMBER
International Standard Book Number 9780590108218
040 ## - CATALOGING SOURCE
Original cataloging agency FISKH
Language of cataloging eng
Transcribing agency FISKH
Modifying agency FISKH
050 ## - LIBRARY OF CONGRESS CALL NUMBER
Classification number GT3550 .C65
082 ## - DEWEY DECIMAL CLASSIFICATION NUMBER
Classification number 728.81
100 ## - MAIN ENTRY--PERSONAL NAME
Personal name Cole, Joanna
245 ## - TITLE STATEMENT
Title Ms.Frizzle's adventures :
Remainder of title Medieval castle /
Statement of responsibility, etc. By Jonna Cole and Burce Degen
260 ## - PUBLICATION, DISTRIBUTION, ETC.
Place of publication, distribution, etc. New York :
Name of publisher, distributor, etc. Scholastic ,
Date of publication, distribution, etc. 2003.
300 ## - PHYSICAL DESCRIPTION
Extent 40 unnumbered pages :
Other physical details color illustrations ;
Dimensions 30 cm .
505 ## - FORMATTED CONTENTS NOTE
Formatted contents note O <br/>
520 ## - SUMMARY, ETC.
Summary, etc. When Ms. Frizzle and her student Arnold follow an underground passage beneath Craig's Castle Shop and find themselves in the middle of a siege of a 12th century English castle, they learn a great deal about both castles and the Middle Ages.<br/>
521 8# - TARGET AUDIENCE NOTE
Target audience note 600 <br/>
Source Lexile <br/>
521 8# - TARGET AUDIENCE NOTE
Target audience note O <br/>
Source Raz-Plus <br/>
650 ## - SUBJECT ADDED ENTRY--TOPICAL TERM
Topical term or geographic name entry element Magic School Bus
Form subdivision Picture book
700 ## - ADDED ENTRY--PERSONAL NAME
Personal name Degen, Bruce
Relator term Illustrator
942 ## - ADDED ENTRY ELEMENTS (KOHA)
Source of classification or shelving scheme Dewey Decimal Classification
Koha item type Books
Suppress in OPAC No
Holdings
Withdrawn status Lost status Source of classification or shelving scheme Damaged status Not for loan Collection Home library Current library Shelving location Date acquired Total Checkouts Full call number Barcode Date last seen Price effective from Koha item type
    Dewey Decimal Classification     Juvenile Fiction Footprints International School Library Network Toul Tom Poung Campus Footprints International School Library Network Toul Tom Poung Campus TTP Primary Yellow Bookshelves 09/11/2025   COL 728.81 GT3550 .C65 FISTK02129 09/11/2025 09/11/2025 Books